000 01026nam a2200265 a 4500
001 000043303
003 DO-SdBNP
005 20250507151901.0
008 140304s2013 dr a 000 0 spa d
020 _a9789945409208
040 _aDO-SdBNP
_bspa
_cBNPHU
082 _a343.0767293
_bA577d, 2013
100 1 _aAndújar Carbonell, Sócrates,
_d1954-
_970946
245 1 0 _aDerecho agrario moderno en la República Dominicana :
_banálisis artículo 51 constitución política del 2010 fundación social de la propiedad /
_cSócrates Andújar Carbonell.
250 _a3ª. ed.
260 _aSanto Domingo :
_bConadex,
_c2013.
300 _a402 p. ;
_c23 cm.
500 _aIncluye datos biográficos del autor en la solapa de la cubierta.
504 _aIncluye bibliografía y notas al pie de páginas.
590 _aInventariado, 2018/VM
650 4 _aDerecho agrario
_xLegislación
_935790
651 0 _aDerecho agrario
_zRepública Dominicana
_987700
910 _aValidado. Control de calidad EMS
942 _2ddc
_cLBS1
999 _c42792
_d42792